| 000 | 00678nam a22002057a 4500 | ||
|---|---|---|---|
| 005 | 20251108174556.0 | ||
| 008 | 250721s2001 xx 000 0 ara d | ||
| 020 | _a2844095763 | ||
| 082 | 1 | 4 | _aط/581/توم |
| 100 | 1 | _aتومسون، روث | |
| 245 | 1 | 0 | _aالتنزه مع نباتاتي و أسئلة أخرى حول النباتات / |
| 264 | 1 |
_aبيروت : _bالدار العربية للعلوم، _c2001. |
|
| 300 | _a27ص | ||
| 490 | 0 | _aلماذا لا أستطيع ... | |
| 650 | 1 | 7 | _aالاساله و الاجوبه |
| 650 | 1 | 7 | _aالنباتات |
| 653 | _aاطفال مرحله متوسطه (6-9) سنوات | ||
| 942 |
_2ddc _cBK |
||
| 999 |
_c112640 _d112640 |
||